[Event "Frank K Berry ch-USA"]
[Site "Tulsa USA"]
[Date "2008.05.13"]
[Round "1"]
[White "Yermolinsky, A."]
[Black "Shabalov, A."]
[Result "1-0"]
[WhiteElo "2518"]
[BlackElo "2633"]
[PlyCount "36"]
[EventDate "2008.05.13"]

1. e4 c5 2. Nc3 e6 3. Nge2 d5 4. exd5 exd5 5. d4 Nc6 6. Be3 Nf6 7. dxc5 Be7 8.
Nd4 O-O 9. Be2 Ne5 10. O-O Bxc5 11. Ne6 fxe6 12. Bxc5 Rf7 13. f4 Nc6 14. Bf3
Qa5 15. Bf2 Bd7 16. Qd2 Rd8 17. Rad1 Rff8 18. a3 Ne7 1-0

[Event "Frank K Berry ch-USA"]
[Site "Tulsa USA"]
[Date "2008.05.13"]
[Round "1"]
[White "Pruess, D."]
[Black "Becerra Rivero, J."]
[Result "1/2-1/2"]
[WhiteElo "2425"]
[BlackElo "2575"]
[PlyCount "88"]
[EventDate "2008.05.13"]

1. e4 g6 2. d4 Bg7 3. Nc3 c6 4. Be3 d5 5. Nf3 dxe4 6. Nxe4 Nd7 7. c4 Ngf6 8.
Nc3 O-O 9. Be2 b6 10. O-O Bb7 11. Qd2 e6 12. Rad1 Qe7 13. Rfe1 Rad8 14. Bf1
Rfe8 15. Qc2 Qf8 16. Qa4 Ra8 17. c5 a5 18. Qb3 Ba6 19. Bxa6 Rxa6 20. Qc4 Raa8
21. cxb6 Nxb6 22. Qxc6 Nbd5 23. Qa4 Qb4 24. Qc2 Rec8 25. Rc1 Qb7 26. Qe2 a4 27.
Ne5 Rcb8 28. Nd3 Bf8 29. Bg5 Qb6 30. Be3 Qb7 31. h3 Qa6 32. Ne5 Qb7 33. Qf3
Nxe3 34. Qxe3 Bg7 35. Rc2 Rd8 36. Rd1 Rac8 37. Rcd2 Nd5 38. Qf3 Qa7 39. a3 Nxc3
40. bxc3 Qc7 41. Qf4 Bxe5 42. dxe5 Rxd2 43. Rxd2 Qxc3 44. Kh2 Qxa3 1/2-1/2

[Event "Frank K Berry ch-USA"]
[Site "Tulsa USA"]
[Date "2008.05.13"]
[Round "1"]
[White "Ivanov, AV USA."]
[Black "Vigorito, D."]
[Result "1-0"]
[WhiteElo "2560"]
[BlackElo "2405"]
[PlyCount "177"]
[EventDate "2008.05.13"]

1. e4 c5 2. Nc3 d6 3. Nge2 Nf6 4. g3 Nc6 5. Bg2 g6 6. O-O Bg7 7. d3 O-O 8. h3
Rb8 9. f4 Ne8 10. Be3 Nd4 11. a4 Bd7 12. Bf2 Nc7 13. Nxd4 cxd4 14. Ne2 e5 15.
c3 dxc3 16. bxc3 b6 17. d4 Qe7 18. a5 Bb5 19. axb6 axb6 20. Re1 Bc4 21. Ra7 Qd8
22. Ra4 b5 23. Rb4 Ra8 24. Rb2 Qe7 25. Kh1 Ra3 26. Qd2 Rfa8 27. Nc1 exf4 28.
gxf4 Bh6 29. Be3 d5 30. e5 f5 31. Nd3 Ne6 32. Nb4 Qd7 33. Rc1 Bf8 34. Bf3 R8a4
35. Bd1 Ra8 36. Bc2 Kh8 37. Bb1 Qd8 38. Qf2 Bh6 39. Bd2 Qf8 40. Rg1 Qe7 41. Bc2
Rg8 42. Rbb1 Bf8 43. Ra1 Qa7 44. Nc6 Qa6 45. Rxa3 Bxa3 46. Qh4 Qxc6 47. Qf6+
Rg7 48. Bxf5 Nxd4 49. cxd4 Qxf6 50. exf6 Rf7 51. Be6 Rxf6 52. f5 Bb2 53. Bg5
Kg7 54. Rd1 gxf5 55. Bxf6+ Kxf6 56. Bd7 Kg5 57. Bxb5 Bxb5 58. Rb1 Bxd4 59. Rxb5
Bf6 60. Rxd5 h5 61. Kg2 Kf4 62. Rd6 Ke5 63. Rb6 h4 64. Kf3 Bg5 65. Rb5+ Ke6 66.
Ra5 Kf6 67. Ke2 Bc1 68. Rc5 Bg5 69. Kd3 Ke6 70. Ra5 Bd8 71. Ra8 Bg5 72. Rg8 Be7
73. Ke3 Kf7 74. Rg2 Kf6 75. Kd4 Bd6 76. Kd5 Bg3 77. Ra2 Be1 78. Ra1 Bg3 79. Ra5
Be1 80. Ra6+ Kg5 81. Ke6 f4 82. Ra1 f3 83. Rxe1 Kf4 84. Kd5 f2 85. Ra1 Kf3 86.
Kd4 Kf4 87. Kd3 Kg3 88. Ke2 Kxh3 89. Kxf2 1-0

[Event "Frank K Berry ch-USA"]
[Site "Tulsa USA"]
[Date "2008.05.13"]
[Round "1"]
[White "Ludwig, Dan"]
[Black "Perelshteyn, E."]
[Result "1/2-1/2"]
[WhiteElo "2357"]
[BlackElo "2552"]
[PlyCount "55"]
[EventDate "2008.05.13"]

1. e4 e5 2. Nf3 Nc6 3. Bb5 Nf6 4. d3 d6 5. O-O Bd7 6. c3 g6 7. Re1 Bg7 8. d4
O-O 9. d5 Ne7 10. Bxd7 Nxd7 11. c4 h6 12. Nc3 f5 13. h3 Nf6 14. b4 a5 15. Ba3
Nxe4 16. Nxe4 fxe4 17. Rxe4 axb4 18. Bxb4 b6 19. a4 Qd7 20. a5 bxa5 21. Rxa5
Rxa5 22. Bxa5 Ra8 23. Bc3 Qa4 24. Qb1 Qa2 25. Qb7 Qa7 26. Qb5 Qa4 27. Qb7 Qa7
28. Qb5 1/2-1/2

[Event "Frank K Berry ch-USA"]
[Site "Tulsa USA"]
[Date "2008.05.13"]
[Round "1"]
[White "Gulko, B."]
[Black "Kaufman, La"]
[Result "1-0"]
[WhiteElo "2559"]
[BlackElo "2365"]
[PlyCount "63"]
[EventDate "2008.05.13"]

1. c4 Nf6 2. d4 g6 3. Nc3 d5 4. Bg5 Ne4 5. Bh4 Nxc3 6. bxc3 dxc4 7. Qa4+ Qd7 8.
Qxc4 Bg7 9. e3 b6 10. Qb3 Bb7 11. Nf3 O-O 12. Be2 c5 13. O-O Nc6 14. Rfd1 cxd4
15. cxd4 Rac8 16. Rac1 e5 17. dxe5 Qf5 18. Bd3 Qh5 19. e6 Na5 20. exf7+ Kh8 21.
Rxc8 Bxc8 22. Qc2 Bg4 23. Be7 Rxf7 24. Bc4 Nxc4 25. Rd8+ Bf8 26. Bxf8 Rxf8 27.
Rxf8+ Kg7 28. Rf4 b5 29. Qc3+ Kh6 30. Rf7 Bxf3 31. Qg7+ Kg5 32. Rxf3 1-0

[Event "Frank K Berry ch-USA"]
[Site "Tulsa USA"]
[Date "2008.05.13"]
[Round "1"]
[White "Gurevich, D."]
[Black "Shankland, S."]
[Result "1-0"]
[WhiteElo "2513"]
[BlackElo "2296"]
[PlyCount "81"]
[EventDate "2008.05.13"]

1. c4 Nf6 2. Nf3 c6 3. g3 d5 4. Bg2 Bg4 5. Ne5 Bf5 6. cxd5 cxd5 7. Qb3 Nc6 8.
Nxc6 bxc6 9. Nc3 e6 10. d3 Bd6 11. Qa4 Qd7 12. Bg5 Rb8 13. Qc2 Qb7 14. Bxf6
gxf6 15. Rb1 e5 16. O-O Bd7 17. b4 a6 18. Na4 Qa7 19. Nc5 Bc8 20. Nb3 Bd7 21.
Na5 Rb6 22. a3 Ke7 23. e4 d4 24. f4 Rc8 25. fxe5 Bxe5 26. Qc5+ Ke8 27. Nc4 Rb7
28. Nd6+ Bxd6 29. Qxd6 Be6 30. Rxf6 Re7 31. Rh6 Qc7 32. Qxd4 Rd8 33. Qc5 Rxd3
34. Rxh7 Kd7 35. Rc1 Kc8 36. e5 Bd5 37. Bxd5 Rxd5 38. Qxc6 Rd1+ 39. Kg2 Qxc6+
40. Rxc6+ Kb7 41. Rf6 1-0

[Event "Frank K Berry ch-USA"]
[Site "Tulsa USA"]
[Date "2008.05.13"]
[Round "1"]
[White "Galant, S."]
[Black "Kudrin, S."]
[Result "0-1"]
[WhiteElo "2235"]
[BlackElo "2549"]
[PlyCount "89"]
[EventDate "2008.05.13"]

1. e4 c5 2. c3 d5 3. exd5 Qxd5 4. d4 g6 5. Na3 Bg7 6. Nf3 cxd4 7. Bc4 Qe4+ 8.
Be3 Nh6 9. Nb5 Na6 10. cxd4 O-O 11. O-O Nf5 12. Ng5 Nxe3 13. Nxe4 Nxd1 14.
Raxd1 Bd7 15. Nbc3 Rfd8 16. Nd5 Kf8 17. Rfe1 Be6 18. Nec3 Rac8 19. Bb3 Nc7 20.
Nxe7 Kxe7 21. d5 Bxc3 22. bxc3 Nxd5 23. Rxd5 Rxd5 24. Bxd5 Rxc3 25. Bxb7 Kd6
26. f3 Ra3 27. Kf2 Rxa2+ 28. Kg3 a5 29. Rc1 a4 30. Rc6+ Ke7 31. Bc8 Bd5 32.
Rc7+ Kd6 33. Rd7+ Kc5 34. Rc7+ Kb6 35. Rd7 Bc4 36. Bb7 a3 37. Be4 Ra1 38. Bd5
Bxd5 39. Rxd5 Rc1 40. Rd2 Kb5 41. Kf4 f6 42. g4 Kb4 43. Rd7 a2 44. Rb7+ Kc3 45.
Rb4 0-1

[Event "Frank K Berry ch-USA"]
[Site "Tulsa USA"]
[Date "2008.05.14"]
[Round "2"]
[White "Shabalov, A."]
[Black "Kaufman, La"]
[Result "1-0"]
[WhiteElo "2633"]
[BlackElo "2365"]
[PlyCount "137"]
[EventDate "2008.05.13"]

1. d4 Nf6 2. c4 g6 3. Nc3 d5 4. Bg5 Ne4 5. Bh4 Nxc3 6. bxc3 dxc4 7. Qa4+ Qd7 8.
Qxc4 b6 9. Bg3 Nc6 10. Nf3 Bg7 11. e3 Bb7 12. Be2 O-O 13. O-O Rac8 14. Rfd1
Rfd8 15. Rac1 Qe8 16. Qb3 Na5 17. Qb1 c5 18. h4 cxd4 19. cxd4 Rxc1 20. Rxc1 Rc8
21. Rxc8 Qxc8 22. h5 Bd5 23. e4 Bc4 24. Bd1 Ba6 25. d5 Qc3 26. Qc2 Bc4 27. Bb8
a6 28. Bc7 Bxa2 29. Bxb6 Qxc2 30. Bxc2 Nc4 31. Bc5 Kf8 32. Nd4 Nd6 33. Nc6 Bc4
34. f3 Ke8 35. Kf2 Bc3 36. hxg6 hxg6 37. Ba4 Bb5 38. Bxb5 axb5 39. Bxd6 exd6
40. Ke3 Kd7 41. Kd3 Bg7 42. Na7 Be5 43. Nxb5 Ke7 44. Nd4 Kd7 45. Ke3 Bg7 46. f4
Bf6 47. Nf3 Bb2 48. Ne1 Bc1+ 49. Kf3 Bb2 50. Nd3 Bd4 51. Nb4 Bc3 52. Nc6 Bb2
53. Kg4 Bc3 54. Kf3 Bb2 55. e5 g5 56. fxg5 dxe5 57. Ke4 Kd6 58. Na5 Bc1 59.
Nc4+ Ke7 60. g6 fxg6 61. Kxe5 Bg5 62. d6+ Kd8 63. Ke6 Bf4 64. Ne5 Bxe5 65. Kxe5
Kd7 66. g4 g5 67. Kd5 Kd8 68. Ke6 Ke8 69. Kf6 1-0

[Event "Frank K Berry ch-USA"]
[Site "Tulsa USA"]
[Date "2008.05.14"]
[Round "2"]
[White "Gurevich, D."]
[Black "Kaidanov, G."]
[Result "0-1"]
[WhiteElo "2513"]
[BlackElo "2596"]
[PlyCount "128"]
[EventDate "2008.05.13"]

1. Nf3 d5 2. c4 e6 3. d4 Nf6 4. Bg5 dxc4 5. Qa4+ Nbd7 6. Qxc4 c5 7. Nbd2 cxd4
8. Nxd4 a6 9. Rc1 Qa5 10. h4 h6 11. Bxf6 Nxf6 12. Rh3 Bd7 13. Rb3 Ne4 14. N4f3
Bc6 15. Rd3 Be7 16. a3 Nxd2 17. Rxd2 O-O 18. e3 Rac8 19. Qc3 Qh5 20. Be2 Bd7
21. Rxd7 Rxc3 22. Rxc3 Bf6 23. Rcd3 Bxb2 24. Rxb7 Qa5+ 25. Kf1 Bxa3 26. Rdd7
Bc5 27. g4 Qa4 28. g5 hxg5 29. hxg5 Qg4 30. Rbc7 Qh3+ 31. Kg1 Qg4+ 32. Kh2 Bb6
33. Rc4 Qf5 34. Kg2 Bd8 35. Rf4 Qa5 36. Bc4 Bxg5 37. Rfxf7 Rxf7 38. Bxe6 Bf6
39. Bxf7+ Kf8 40. Be6 Qb6 41. Bd5 Qb5 42. Rf7+ Ke8 43. Be6 Qb6 44. Bd5 Qd6 45.
Ba2 Qa3 46. Be6 Qd6 47. Ba2 Qb4 48. Kg3 Qa3 49. Bc4 Qc5 50. Ba2 Qc2 51. Bd5 Qf5
52. Ba2 Qg6+ 53. Kf4 Qc2 54. Bd5 Qxf2 55. e4 Qc5 56. Rb7 a5 57. Kf5 Qc8+ 58.
Kf4 Qc5 59. Kf5 Kd8 60. Ne5 Qf2+ 61. Ke6 Bxe5 62. Rd7+ Ke8 63. Bc6 Qf6+ 64. Kd5
Kf8 0-1

[Event "Frank K Berry ch-USA"]
[Site "Tulsa USA"]
[Date "2008.05.14"]
[Round "2"]
[White "Perelshteyn, E."]
[Black "Langer, M USA."]
[Result "1-0"]
[WhiteElo "2552"]
[BlackElo "2254"]
[PlyCount "73"]
[EventDate "2008.05.13"]

1. Nf3 c5 2. c4 Nf6 3. g3 d5 4. cxd5 Nxd5 5. Nc3 Nc6 6. Bg2 Nc7 7. d3 e5 8. Nd2
Bd7 9. O-O Be7 10. Nc4 O-O 11. Bxc6 Bxc6 12. Nxe5 Be8 13. Qb3 Bf6 14. Ng4 Bc6
15. Nxf6+ Qxf6 16. Ne4 Qf5 17. f3 Ne6 18. Be3 b6 19. a4 Qe5 20. a5 Nd4 21. Bxd4
Qxd4+ 22. Kg2 Rab8 23. Qc3 Qe3 24. Rf2 Bd5 25. axb6 axb6 26. Qe5 Bxe4 27. fxe4
Rbe8 28. Qd5 Rd8 29. Qc6 Qd4 30. Qxb6 Rb8 31. Qa7 Qxb2 32. Raf1 c4 33. Rxf7
Rfc8 34. R1f2 Qe5 35. R2f5 Qb2 36. d4 Qxe2+ 37. Kh3 1-0

[Event "Frank K Berry ch-USA"]
[Site "Tulsa USA"]
[Date "2008.05.14"]
[Round "2"]
[White "Becerra Rivero, J."]
[Black "Fedorowicz, J."]
[Result "1-0"]
[WhiteElo "2575"]
[BlackElo "2459"]
[PlyCount "55"]
[EventDate "2008.05.13"]

1. e4 c5 2. Nf3 Nc6 3. d4 cxd4 4. Nxd4 e6 5. Nc3 Qc7 6. Be3 a6 7. Bd3 Nf6 8.
O-O Ne5 9. f4 Neg4 10. Bd2 Bc5 11. Nce2 e5 12. fxe5 Qxe5 13. Bf4 Bxd4+ 14. Kh1
Qc5 15. Nxd4 Qxd4 16. e5 Nf2+ 17. Rxf2 Qxf2 18. exf6 d6 19. Qe1+ Qxe1+ 20.
Rxe1+ Be6 21. fxg7 Rg8 22. Bh6 Kd7 23. Bxh7 Rge8 24. Bg5 Bxa2 25. Rxe8 Rxe8 26.
h4 f6 27. Bxf6 Bg8 28. Bf5+ 1-0

[Event "Frank K Berry ch-USA"]
[Site "Tulsa USA"]
[Date "2008.05.14"]
[Round "2"]
[White "Vigorito, D."]
[Black "Galant, S."]
[Result "1-0"]
[WhiteElo "2405"]
[BlackElo "2235"]
[PlyCount "81"]
[EventDate "2008.05.13"]

1. d4 d5 2. c4 e6 3. Nc3 c5 4. cxd5 exd5 5. Nf3 Nc6 6. g3 Nf6 7. Bg2 Be7 8. O-O
O-O 9. Bg5 cxd4 10. Nxd4 h6 11. Be3 Re8 12. Rc1 Bf8 13. Na4 Bd7 14. Nc5 Nxd4
15. Bxd4 Bc6 16. Qd3 Nd7 17. e3 Nxc5 18. Bxc5 Qa5 19. b4 Qa4 20. Bxd5 Bxd5 21.
Qxd5 b6 22. Bxf8 Rxf8 23. Rfd1 Qxb4 24. Rc7 Rad8 25. Qxd8 Rxd8 26. Rxd8+ Kh7
27. Rxf7 Qb1+ 28. Kg2 Qe4+ 29. Kg1 Qb1+ 30. Kg2 Qe4+ 31. f3 Qc2+ 32. Kh3 Qxa2
33. Rdd7 Qe6+ 34. g4 Qxe3 35. Rxg7+ Kh8 36. Rge7 Qxf3+ 37. Kh4 Qf2+ 38. Kh5
Qxh2+ 39. Kg6 Qc2+ 40. Kxh6 Qh2+ 41. Kg5 1-0

[Event "Frank K Berry ch-USA"]
[Site "Tulsa USA"]
[Date "2008.05.15"]
[Round "3"]
[White "Kaidanov, G."]
[Black "Kudrin, S."]
[Result "1/2-1/2"]
[WhiteElo "2596"]
[BlackElo "2549"]
[PlyCount "37"]
[EventDate "2008.05.13"]

1. e4 c5 2. c3 d5 3. exd5 Qxd5 4. d4 Nf6 5. Nf3 e6 6. Na3 Qd8 7. Nc4 Be7 8. Bd3
O-O 9. O-O b6 10. dxc5 Bxc5 11. Qe2 Bb7 12. Bf4 b5 13. Ncd2 a6 14. a4 b4 15.
Ne4 Nbd7 16. Rfd1 Nxe4 17. Bxe4 Bxe4 18. Qxe4 Nf6 19. Qc2 1/2-1/2

[Event "Frank K Berry ch-USA"]
[Site "Tulsa USA"]
[Date "2008.05.15"]
[Round "3"]
[White "Ludwig, Dan"]
[Black "Shabalov, A."]
[Result "1/2-1/2"]
[WhiteElo "2357"]
[BlackElo "2633"]
[PlyCount "63"]
[EventDate "2008.05.13"]

1. e4 e6 2. d4 d5 3. Nd2 c5 4. exd5 exd5 5. dxc5 Bxc5 6. Nb3 Bb6 7. Nf3 Ne7 8.
Be2 O-O 9. O-O Nbc6 10. c3 Bg4 11. h3 Bxf3 12. Bxf3 Qd6 13. Re1 Rfe8 14. Be3
Bc7 15. g3 Qg6 16. Bh5 Qf6 17. Qf3 Nf5 18. Bd4 Be5 19. Bxe5 Nxe5 20. Qxd5 g6
21. Be2 a5 22. Nd4 Rad8 23. Qxa5 Nxd4 24. cxd4 Rxd4 25. Qc3 Re4 26. Kg2 Re6 27.
f4 Qe7 28. Bf1 Nc6 29. Rxe4 Rxe4 30. Rd1 h5 31. h4 Qe6 32. Qb3 1/2-1/2

[Event "Frank K Berry ch-USA"]
[Site "Tulsa USA"]
[Date "2008.05.15"]
[Round "3"]
[White "Fedorowicz, J."]
[Black "Vigorito, D."]
[Result "1-0"]
[WhiteElo "2459"]
[BlackElo "2405"]
[PlyCount "143"]
[EventDate "2008.05.13"]

1. e4 c5 2. Nf3 d6 3. d4 cxd4 4. Nxd4 Nf6 5. Nc3 a6 6. Be2 e5 7. Nb3 Be7 8. O-O
O-O 9. Re1 Be6 10. Bf3 Nbd7 11. a4 Rc8 12. a5 Qc7 13. Be3 Nc5 14. h3 h6 15. Nc1
b6 16. axb6 Qxb6 17. Nd3 Qb7 18. Nxc5 dxc5 19. Nd5 Bxd5 20. exd5 e4 21. Be2
Rcd8 22. c4 Bd6 23. Qc2 Ra8 24. Ra5 Nd7 25. Qxe4 Qxb2 26. Qf5 Nf6 27. Bf1 Rfe8
28. Qd3 Ne4 29. g3 Rab8 30. Re2 Qb1 31. Qxb1 Rxb1 32. Kg2 f5 33. Rxa6 Bxg3 34.
Bxc5 Rc8 35. Rxe4 fxe4 36. Be3 Bxf2 37. Bxf2 Rf8 38. Ra2 e3 39. Bxe3 Rbxf1 40.
Rd2 Re1 41. Bf2 Rc1 42. d6 Kf7 43. d7 Rd8 44. Bb6 Ke7 45. Re2+ Kxd7 46. Rd2+
Ke6 47. Rxd8 Rxc4 48. Rf8 Ke7 49. Rf3 Ke6 50. Bf2 g5 51. Rf8 Ke7 52. Rh8 Rc6
53. Rh7+ Kf8 54. Bd4 Kg8 55. Rd7 Re6 56. Kf3 Kf8 57. Be3 Rc6 58. Kg4 Rc4+ 59.
Rd4 Rc3 60. Re4 Kf7 61. Kh5 Rc6 62. Bd4 Ra6 63. Bc5 Rc6 64. Bb4 Rb6 65. Rc4 Ke6
66. Ba5 Ra6 67. Rc5 Kf7 68. Rb5 Rd6 69. Rb7+ Ke8 70. Rb3 Kf7 71. Rf3+ Ke8 72.
Bc3 1-0

[Event "Frank K Berry ch-USA"]
[Site "Tulsa USA"]
[Date "2008.05.15"]
[Round "3"]
[White "Pruess, D."]
[Black "Ippolito, D."]
[Result "1-0"]
[WhiteElo "2425"]
[BlackElo "2425"]
[PlyCount "57"]
[EventDate "2008.05.13"]

1. e4 e5 2. f4 Bc5 3. Nf3 d6 4. Bb5+ c6 5. Ba4 Nf6 6. fxe5 dxe5 7. d3 Ng4 8.
Qe2 Qa5+ 9. Nc3 Bd4 10. Bb3 Bxc3+ 11. bxc3 Qxc3+ 12. Qd2 Qxd2+ 13. Bxd2 Nd7 14.
O-O O-O 15. h3 Ngf6 16. Bb4 c5 17. Bc3 Re8 18. Ng5 Re7 19. g4 h6 20. Nxf7 Rxf7
21. h4 g5 22. hxg5 hxg5 23. Rf5 a5 24. Raf1 Ra6 25. Bxe5 Nxe5 26. Rxe5 Rc6 27.
Rxg5+ Kf8 28. Bxf7 Kxf7 29. e5 1-0

[Event "Frank K Berry ch-USA"]
[Site "Tulsa USA"]
[Date "2008.05.15"]
[Round "3"]
[White "Kaufman, La"]
[Black "Langer, M USA."]
[Result "1-0"]
[WhiteElo "2365"]
[BlackElo "2254"]
[PlyCount "63"]
[EventDate "2008.05.13"]

1. d4 Nf6 2. c4 c5 3. d5 e6 4. Nc3 exd5 5. cxd5 d6 6. e4 g6 7. Bd3 Bg7 8. h3
O-O 9. Nf3 Nh5 10. O-O Nd7 11. Bg5 Bf6 12. Bh6 Bg7 13. Bg5 Bf6 14. Be3 Re8 15.
Qd2 Ne5 16. Be2 Nxf3+ 17. Bxf3 Ng7 18. Rab1 Be5 19. Rfc1 f5 20. b4 Bxc3 21.
Rxc3 fxe4 22. Bg5 Qb6 23. Bg4 a5 24. a3 axb4 25. axb4 Ra4 26. Bxc8 Rxc8 27. Rc4
Re8 28. Bf6 Qa6 29. Qc2 e3 30. fxe3 Rxe3 31. Bxg7 Kxg7 32. b5 1-0

[Event "Frank K Berry ch-USA"]
[Site "Tulsa USA"]
[Date "2008.05.15"]
[Round "3"]
[White "Shankland, S."]
[Black "Galant, S."]
[Result "1-0"]
[WhiteElo "2296"]
[BlackElo "2235"]
[PlyCount "51"]
[EventDate "2008.05.13"]

1. e4 e6 2. d4 d5 3. Nd2 c5 4. exd5 exd5 5. Ngf3 Nf6 6. Bb5+ Bd7 7. Bxd7+ Nbxd7
8. O-O Be7 9. dxc5 Nxc5 10. Nd4 Qd7 11. b3 O-O 12. Bb2 Rfe8 13. Qf3 Nce4 14.
Rad1 Rad8 15. Nf5 Qc8 16. c4 Bf8 17. Nxe4 dxe4 18. Nh6+ Kh8 19. Nxf7+ Kg8 20.
Nh6+ Kh8 21. Qf4 Qe6 22. Nf5 Rd7 23. Rxd7 Qxd7 24. Nxg7 Bxg7 25. Bxf6 Kg8 26.
Qg5 1-0

[Event "Frank K Berry ch-USA"]
[Site "Tulsa USA"]
[Date "2008.05.16"]
[Round "4"]
[White "Vigorito, D."]
[Black "Ludwig, Dan"]
[Result "1/2-1/2"]
[WhiteElo "2405"]
[BlackElo "2357"]
[PlyCount "100"]
[EventDate "2008.05.13"]

1. d4 d5 2. c4 c6 3. Nf3 Nf6 4. Nc3 dxc4 5. a4 Bf5 6. Ne5 Nbd7 7. Nxc4 Nb6 8.
Ne5 a5 9. e3 g6 10. Bd3 Bxd3 11. Qxd3 Bg7 12. O-O O-O 13. e4 Qc7 14. Bf4 Nh5
15. Be3 Rad8 16. Qe2 e6 17. f4 f5 18. Rac1 fxe4 19. Nxe4 Nd5 20. Nc5 Nhxf4 21.
Bxf4 Nxf4 22. Rxf4 Rxf4 23. Nxe6 Qb6 24. Nc4 Qa7 25. Nxf4 Qxd4+ 26. Qe3 Qxe3+
27. Nxe3 Bd4 28. Re1 Re8 29. Kf2 Rf8 30. Kf3 g5 31. g3 gxf4 32. gxf4 Bxb2 33.
Nc4 Bc3 34. Rg1+ Kh8 35. Rg5 Rf7 36. Ke4 h6 37. Rc5 Bb4 38. Re5 Kg7 39. f5 Rf6
40. Nxa5 Bc3 41. Rc5 Bb4 42. Re5 b5 43. axb5 Bxa5 44. bxc6 Bb6 45. Re7+ Kf8 46.
c7 Rc6 47. Re6 Rxe6+ 48. fxe6 Bxc7 49. Kf3 Bxh2 50. e7+ Kxe7 1/2-1/2

[Event "Frank K Berry ch-USA"]
[Site "Tulsa USA"]
[Date "2008.05.16"]
[Round "4"]
[White "Kaufman, La"]
[Black "Gurevich, D."]
[Result "1/2-1/2"]
[WhiteElo "2365"]
[BlackElo "2513"]
[PlyCount "111"]
[EventDate "2008.05.13"]

1. d4 Nf6 2. c4 e6 3. Nc3 Bb4 4. Qc2 O-O 5. a3 Bxc3+ 6. Qxc3 b5 7. cxb5 c6 8.
Bg5 cxb5 9. e3 Bb7 10. Nf3 a6 11. Be2 d6 12. Bxf6 gxf6 13. Nd2 Qe7 14. e4 Kh8
15. O-O d5 16. Bf3 dxe4 17. Bxe4 Bxe4 18. Nxe4 Nd7 19. Qf3 f5 20. Nc3 Nf6 21.
Rad1 Rad8 22. Rfe1 Rg8 23. g3 Qd7 24. Re5 Qd6 25. Rc5 Rg4 26. Rc6 Qd7 27. d5
Nxd5 28. Rxa6 Qc8 29. Ra7 Rg7 30. Nxd5 exd5 31. Rxd5 Re8 32. Rxf5 Re1+ 33. Kg2
Qc4 34. Ra8+ Rg8 35. Qc3+ Qxc3 36. Rxg8+ Kxg8 37. bxc3 Rb1 38. Rc5 Rb3 39. Kf3
Rxa3 40. Ke4 Rb3 41. f4 Rb2 42. h4 h6 43. Kf5 Kg7 44. g4 b4 45. cxb4 Rxb4 46.
h5 Rb1 47. g5 hxg5 48. fxg5 Rf1+ 49. Kg4 Rg1+ 50. Kf4 Rf1+ 51. Kg3 Rg1+ 52. Kh2
Rg4 53. Kh3 Rg1 54. Kh2 Rg4 55. Kh3 Rg1 56. Kh2 1/2-1/2

[Event "Frank K Berry ch-USA"]
[Site "Tulsa USA"]
[Date "2008.05.16"]
[Round "4"]
[White "Shankland, S."]
[Black "Ippolito, D."]
[Result "1-0"]
[WhiteElo "2296"]
[BlackElo "2425"]
[PlyCount "69"]
[EventDate "2008.05.13"]

1. e4 e5 2. Nf3 Nf6 3. d4 Nxe4 4. dxe5 d5 5. Nbd2 Nxd2 6. Qxd2 h6 7. Qf4 Be6 8.
Nd4 Qd7 9. Bd3 Nc6 10. Be3 Nxd4 11. Bxd4 Be7 12. Qg3 O-O-O 13. Bxa7 d4 14. a4
Bb4+ 15. Ke2 Bg4+ 16. f3 Bf5 17. Rhd1 Rhe8 18. Bxd4 Bxd3+ 19. Rxd3 Qc6 20. c3
Bc5 21. Rad1 Be7 22. b3 f6 23. Kf1 Qe6 24. exf6 gxf6 25. Qh3 f5 26. Re1 Qxb3
27. Qxf5+ Kb8 28. Qb5 Qc2 29. Rde3 Rg8 30. R3e2 Qg6 31. Rb2 Bb4 32. Qxb4 Qd3+
33. Kg1 Qxf3 34. Rf1 Qd5 35. Rfb1 1-0

[Event "Frank K Berry ch-USA"]
[Site "Tulsa USA"]
[Date "2008.05.16"]
[Round "4"]
[White "Langer, M USA."]
[Black "Galant, S."]
[Result "1/2-1/2"]
[WhiteElo "2254"]
[BlackElo "2235"]
[PlyCount "60"]
[EventDate "2008.05.13"]

1. e4 e6 2. d4 d5 3. Nd2 c5 4. exd5 exd5 5. Bb5+ Bd7 6. Bxd7+ Nxd7 7. Ngf3 Qe7+
8. Qe2 Ngf6 9. Qxe7+ Bxe7 10. O-O O-O 11. Re1 Rfe8 12. Kf1 Bd6 13. Rxe8+ Rxe8
14. dxc5 Bxc5 15. Nb3 Bb6 16. Nbd4 Ne4 17. Be3 Ndf6 18. h3 Nd6 19. Bf4 Nde4 20.
Rd1 h6 21. Be3 Kf8 22. Nf5 Bxe3 23. Nxe3 Ng3+ 24. Kg1 Ne2+ 25. Kf1 Ng3+ 26. Kg1
Ne2+ 27. Kh2 Ne4 28. Nxd5 Nxf2 29. Rd2 f5 30. g3 g5 1/2-1/2

[Event "Frank K Berry ch-USA"]
[Site "Tulsa USA"]
[Date "2008.05.16"]
[Round "4"]
[White "Friedel, J."]
[Black "Gulko, B."]
[Result "1-0"]
[WhiteElo "2484"]
[BlackElo "2559"]
[PlyCount "55"]
[EventDate "2008.05.13"]

1. e4 e5 2. Nf3 Nc6 3. Bb5 Bc5 4. O-O Nf6 5. c3 O-O 6. d4 Bb6 7. Bg5 h6 8. Bh4
d6 9. Qd3 exd4 10. cxd4 g5 11. Bg3 d5 12. exd5 Nxd5 13. Nc3 Ndb4 14. Qe4 f5 15.
Qe2 f4 16. Qc4+ Kg7 17. d5 fxg3 18. hxg3 Nc2 19. dxc6 Nxa1 20. Rd1 Qf6 21. Ne4
Be6 22. Rd7+ Rf7 23. Nxf6 Bxc4 24. Nh5+ Kf8 25. cxb7 Rb8 26. Ne5 Bxf2+ 27. Kh2
Re7 28. Bxc4 1-0

[Event "Frank K Berry ch-USA"]
[Site "Tulsa USA"]
[Date "2008.05.17"]
[Round "5"]
[White "Fedorowicz, J."]
[Black "Shabalov, A."]
[Result "0-1"]
[WhiteElo "2459"]
[BlackElo "2633"]
[PlyCount "92"]
[EventDate "2008.05.13"]

1. e4 Nf6 2. e5 Nd5 3. d4 d6 4. c4 Nb6 5. exd6 cxd6 6. Nc3 g6 7. Be3 Bg7 8. Rc1
O-O 9. b3 f5 10. Nh3 Nc6 11. d5 Ne5 12. Be2 Nbd7 13. O-O Nf6 14. f4 Nf7 15. Nf2
h5 16. h3 a6 17. Na4 e5 18. dxe6 Bxe6 19. Bf3 Rb8 20. Ba7 Ra8 21. Bb6 Qd7 22.
Bd4 Rae8 23. Qd2 Nd8 24. Nb6 Qf7 25. Bb2 Nc6 26. Rfe1 Bh6 27. Bxc6 bxc6 28.
Qxd6 Ne4 29. Nxe4 fxe4 30. Qd4 Kh7 31. Rxe4 Rd8 32. Qc3 Bf5 33. Re2 Bxf4 34.
Rce1 Bg5 35. Qg3 Bd3 36. Qxg5 Bxe2 37. Kh2 Rde8 38. Bc1 Qg7 39. Qd2 Re4 40. Bb2
Qc7+ 41. Kh1 Rf7 42. Qc3 Re8 43. c5 Qd8 44. a4 Qh4 45. Kh2 Qf4+ 46. Kh1 Bf1 0-1

[Event "Frank K Berry ch-USA"]
[Site "Tulsa USA"]
[Date "2008.05.17"]
[Round "5"]
[White "Pruess, D."]
[Black "Perelshteyn, E."]
[Result "0-1"]
[WhiteElo "2425"]
[BlackElo "2552"]
[PlyCount "122"]
[EventDate "2008.05.13"]

1. e4 e6 2. d4 d5 3. Nc3 Nf6 4. e5 Nfd7 5. f4 c5 6. Nf3 Nc6 7. Be3 a6 8. Qd2 b5
9. dxc5 Bxc5 10. Bxc5 Nxc5 11. Qf2 Qb6 12. Bd3 b4 13. Ne2 a5 14. O-O Ba6 15.
Kh1 Ne7 16. Rad1 Na4 17. Qxb6 Nxb6 18. Ned4 Na4 19. b3 Nc3 20. Rde1 g6 21. Rf2
h5 22. Ng5 Bxd3 23. cxd3 Nf5 24. Ngf3 Kd7 25. g3 a4 26. Kg2 axb3 27. axb3 Nd1
28. Rfe2 Nc3 29. Rb2 Rhc8 30. Nxf5 gxf5 31. Nd4 Ra2 32. Rxa2 Nxa2 33. Ra1 Nc1
34. Kf3 Nxd3 35. Nb5 Nc5 36. Ra7+ Kc6 37. Nd4+ Kb6 38. Rxf7 Nxb3 39. Nxe6 Rc3+
40. Kg2 d4 41. Rd7 d3 42. Ng7 d2 43. Nxf5 Rc2 44. Kf3 Nc5 45. Rd6+ Kc7 46. Ne3
b3 47. Nd1 b2 48. Nxb2 Rxb2 49. g4 hxg4+ 50. Kxg4 Ne4 51. Rd4 d1=Q+ 52. Rxd1
Nf2+ 53. Kg5 Nxd1 54. h4 Rg2+ 55. Kf6 Ne3 56. h5 Nd5+ 57. Kf7 Nxf4 58. h6 Rh2
59. Kg7 Ne6+ 60. Kg6 Kd7 61. h7 Ke7 0-1

[Event "Frank K Berry ch-USA"]
[Site "Tulsa USA"]
[Date "2008.05.17"]
[Round "5"]
[White "Galant, S."]
[Black "Ippolito, D."]
[Result "0-1"]
[WhiteElo "2235"]
[BlackElo "2425"]
[PlyCount "60"]
[EventDate "2008.05.13"]

1. e4 e5 2. Bc4 Nc6 3. Nf3 Bc5 4. c3 Nf6 5. d3 a6 6. O-O Ba7 7. a4 d6 8. h3 O-O
9. Bg5 h6 10. Bh4 Be6 11. Nbd2 Qe7 12. Nh2 Kh7 13. Kh1 Rg8 14. Bxe6 fxe6 15.
Bxf6 gxf6 16. b4 f5 17. b5 Qg5 18. g4 axb5 19. axb5 Ne7 20. Ndf3 Qf6 21. gxf5
exf5 22. Qe2 Ng6 23. exf5 Qxf5 24. Qe4 Qxe4 25. dxe4 Bb6 26. Ng4 Raf8 27. Ng1
Nf4 28. Kh2 Nd3 29. f3 h5 30. Rad1 Nf4 0-1